Uswa e Rasool Akram S.A.W. 1-4 (Record no. 62965)
[ view plain ]
| 000 -LEADER | |
|---|---|
| fixed length control field | 00468nam a22001697a 4500 |
| 003 - CONTROL NUMBER IDENTIFIER | |
| control field | NUST - PNEC |
| 005 - DATE AND TIME OF LATEST TRANSACTION | |
| control field | 20170116180801.0 |
| 008 - FIXED-LENGTH DATA ELEMENTS--GENERAL INFORMATION | |
| fixed length control field | 150414b xxu||||| |||| 00| 0 eng d |
| 040 ## - CATALOGING SOURCE | |
| Transcribing agency | LIBRARY |
| 082 ## - DEWEY DECIMAL CLASSIFICATION NUMBER | |
| Classification number | 297.63 ABD |
| 100 ## - MAIN ENTRY--PERSONAL NAME | |
| 9 (RLIN) | 2532 |
| Personal name | Abdul Hai |
| 245 ## - TITLE STATEMENT | |
| Title | Uswa e Rasool Akram S.A.W. 1-4 |
| Statement of responsibility, etc. | Dr. Mohammad Abdul Hai |
| 260 ## - PUBLICATION, DISTRIBUTION, ETC. | |
| Place of publication, distribution, etc. | Rawalpindi: |
| Name of publisher, distributor, etc. | Taj Company, |
| 300 ## - PHYSICAL DESCRIPTION | |
| Extent | 573 p. : |
| Dimensions | 22 cm. |
| 650 ## - SUBJECT ADDED ENTRY--TOPICAL TERM | |
| 9 (RLIN) | 2534 |
| Topical term or geographic name entry element | Islam, Seerat tun Nabvi |
| General subdivision | General |
| 942 ## - ADDED ENTRY ELEMENTS (KOHA) | |
| Source of classification or shelving scheme | |
| Koha item type | Book |
| Withdrawn status | Lost status | Source of classification or shelving scheme | Damaged status | Not for loan | Permanent Location | Current Location | Shelving location | Date acquired | Source of acquisition | Cost, normal purchase price | Total Checkouts | Full call number | Barcode | Date last seen | Cost, replacement price | Price effective from | Koha item type |
|---|---|---|---|---|---|---|---|---|---|---|---|---|---|---|---|---|---|
| Pakistan Navy Engineering College (PNEC) | Pakistan Navy Engineering College (PNEC) | 05/26/1996 | Deeni Kutab Khana/Library Reference Grant | 150.00 | 297.63 ABD | PNECLIB-018766 | 04/14/2015 | 150.00 | 05/26/1996 | Book |
